000
00325nam a2200157Ia 4500
008
230312s9999||||xx |||||||||||||| ||und||
020
_a
90-206-2328-1
082
_a
821
_b
STI-K
100
_a
Stine R.L.
245
0
_a
Kippevel
260
_b
Kluitman
300
_a
125
546
_a
Eng.
650
_a
Literature
942
_c
BK
999
_c
229
_d
229